| 000 | 00422nam a22001697a 4500 | ||
|---|---|---|---|
| 999 |
_c7836 _d7834 |
||
| 005 | 20210904143147.0 | ||
| 008 | 210823b ||||| |||| 00| 0 eng d | ||
| 020 | _a9781847667070 | ||
| 041 | _aeng | ||
| 082 | _a345.420 | ||
| 100 |
_aEISSA,ADRIAN AND BARBER, RUTH _96564 |
||
| 245 | _aCONFISCATION LAW HANDBOOK | ||
| 260 |
_aW.S. _bBLOOMSBURY PROFESSIONAL _c2011 |
||
| 300 | _a416;p | ||
| 650 |
_aLAW _95701 |
||
| 942 | _cBK | ||